| 000 | 00636nam a2200217 4500 | ||
|---|---|---|---|
| 001 | 144798 | ||
| 003 | ES-MaACL | ||
| 005 | 20251007171217.0 | ||
| 007 | t| | ||
| 008 | 070214s1955 sp r ||||1| spa d | ||
| 100 | 1 |
_aSlaughter, Frank G. _9106773 |
|
| 245 | 1 | 3 |
_aLa dama de Florida _b: novela / _cFrank G. Slaughter ; [versión castellana de Fernando González]. |
| 250 | _a1ª ed. | ||
| 260 |
_aBarcelona : _bPlaneta, _c1955 ( _fImp. Pulcra) |
||
| 300 |
_a490 p. ; _c19 cm. |
||
| 490 | 1 | _aGoliat | |
| 710 | 1 |
_a _9242333 |
|
| 830 | 0 |
_aGoliat _9181396 |
|
| 852 |
_aES-MaACL _jC-9712 _bR.37879 |
||
| 999 |
_c144798 _d144798 |
||